000 01285nam a2200361 4500
001 59890
003 CO-BoRNBP
005 20251111202015.0
007 ta
008 791218s1978 sp a 000 0 spa
017 _aV 649-1978
_bOficina Depósito Legal Valencia
020 _a8470540588
040 _aIBH
_bspa
_cSpMaBN
_erdc
041 1 _aspa
080 _a176(04)
100 1 _aReich, Wilhelm
_d1897-1957
_967054
240 1 3 _aLa revolución sexual
245 1 3 _aLa revolución sexual
_h[Texto impreso] :
_bpara una estructura de carácter autónoma del hombre
_c[por] Wilhelm Reich ; traducción de Sergio Moratiel, rrevisada y corregida por Wilhelm Reich Infant Trust Fund
250 _a1a. edición
300 _aVIII, 296 p.
_c21 cm
336 _2rdacontent
_atexto
_btxt
337 _2rdamedia
_asin mediación
_bn
338 _2rdacarrier
_avolumen
_bnc
490 0 _aLibros de Ruedo Ibérico
500 _aÍndice
650 7 _aÉtica sexual
_2embne
700 1 _aMoratiel, Sergio
_967055
710 2 _aWilhelm Reich Infant Trust Fund (New York)
_erev.
_967056
942 _2ddc
_cBK
956 _a1 2
980 _aV 649-1978
_a84-7054-058-8
_aSpMaBN
_bBNMADRID
_j4/157731
_cSG_RECOLET
980 _aV 649-1978
_a84-7054-058-8
_aSpMaBN
_bBNALCALA
_jDL/117536
_cCONSERVACI
999 _c59890
_d59890